000
00302nam a22001337a 4500
008
170919b xxu||||| |||| 00| 0 eng d
020
_a
0898920361
041
_a
eng
080
_2
2 ED
_a
7
100
_a
44
101
_a
ART
245
_a
VARIETIES OF THEATRICAL ART
_c
STAUB.A.W
942
_2
udc
_c
BK
999
_c
28229
_d
28229